000 01755nab a2200253 i 4500
003 BR-BrBNA
005 20250515165242.0
008 250515b2017 bl.qr|pooa||| 00| 0 por |
040 _aBR-BrBNA
_bpor
072 _aF70
100 _aShimizu, Gustavo Hiroaki
100 _aGonçalves, Deise Josely Pereira
245 _aFlora das cangas da Serra dos Carajás, Pará, Brasil: Vochysiaceae
500 _aPublicação on-line; 17 ref.; 2 illus.; Summaries (En, Pt)
520 _a Resumo Este estudo apresenta as espécies de Vochysiaceae que ocorrem em vegetação de canga na Serra dos Carajás, no estado do Pará, Brasil, incluindo descrições morfológicas, ilustrações e comentários. Foram registradas quatro espécies: Callisthene microphylla, Qualea multiflora, Q. parviflora e Vochysia haenkeana. Palavras-chave: Amazônia, Callisthene, Qualea, taxonomia, Vochysia. Abstract This study presents the species of Vochysiaceae that occur in canga vegetation of Serra dos Carajás, in the Pará state, Brazil, including morphological descriptions, illustrations, and comments. Four species were recorded: Callisthene microphylla, Qualea multiflora, Q. parviflora and Vochysia haenkeana. Key words: Amazon, Callisthene, Qualea, taxonomy, Vochysia.
650 _aAMAZÔNIA
650 _aQUALEA GRANDIFLORA
650 _aTAXONOMIA
650 _aVOCHYSIACEAE
773 0 _0709
_9350025
_dRio de Janeiro-RJ Jardim Botanico do Rio de Janeiro 1935
_o2025-2634
_tRodriguésia (Brazil)
_x0370-6583; 2175-7860 on-line
_gv. 68(3 special number) p. 1159-1164; (2017)
_wBR2025000977
856 _uhttps://www.scielo.br/j/rod/a/9g4KWF7BfM58V7JRhs54JvM/?format=pdf&lang=pt
942 _cANA
999 _c331529
_d331529